Londres en images - Statistiques

Statistiques générales
  • Ce quiz a été pris 321 fois
  • Le résultat moyen est 5 sur 8
Statistiques - réponses
Par images Réponse % Correct
Big Ben
99%
London Eye
95%
Tower Bridge
85%
Buckingham Palace
81%
Westminster Abbey
66%
Trafalgar Square
65%
Tower of London
64%
British Museum
58%
Piccadilly Circus
53%
St Paul's Cathedral
53%
The Shard
50%
Harrods
46%
National Gallery
34%
Royal Albert Hall
21%
The Gerkin
21%
Natural History Museum
17%
Aucun quiz correspondant
Distribution des résultats
% des personnes avec chaque résultat
Percentile par nombre de réponses
Votre historique - résultats
Vous n’avez pas pris ce quiz